Normal view
MARC view
- LUBRICANTS
Entry Topical Term
001 - CONTROL NUMBER
- control field: 59578
003 - CONTROL NUMBER IDENTIFIER
- control field: NUST
005 - DATE AND TIME OF LATEST TRANSACTION
- control field: 20210628202351.0
008 - FIXED-LENGTH DATA ELEMENTS
- fixed length control field: 210628|| aca||aabn | a|a d
040 ## - CATALOGING SOURCE
- Original cataloging agency: NUST
- Transcribing agency: NUST
150 ## - HEADING--TOPICAL TERM
- Topical term or geographic name entry element: LUBRICANTS
670 ## - SOURCE DATA FOUND
- Source citation: Work cat.: (NUST): Miyoshi, Kazuhisa 59577, Solid lubrication fundamentals and applications, 2001
